Mathematics : Its content, methods, and meaning

Saved in:
Bibliographic Details
Other Authors: Aleksandrov, A. D. (Aleksandr Danilovich), 1912-1999 (Editor), Lavrentev, M. A. (Mikhail Alekseevich), 1900-1980 (Editor), Hirsch, K. A. (Translator), Kolmogorov A. N. (Andrei Nikolaevich), 1903-1987 (Editor)
Format: Book
Language:English
Russian
Published: Massachusetts : The M.I.T. Press, 1986, c1963.
Subjects:
Tags: Add Tag
No Tags, Be the first to tag this record!

MARC

LEADER 00000cam a2200000 i 4500
001 1/36053
008 941103r19861963enk| ||| |||| ||eng||
035 |a 1987  |l 10040136 
040 |a GR-MyUA  |b gre  |e AACR2 
041 1 |a eng  |h rus 
082 0 |a 510  
245 1 0 |a Mathematics :  |b Its content, methods, and meaning /   |c edited by A.D. Aleksandrov, A.N. kolmogorov, M.A. Lavrent'ev ; transalted by K. Hirsch.  
260 |a Massachusetts :   |b The M.I.T. Press,   |c 1986, c1963.  
300 |a 3τ. (xi, 359, xi, 355, xi, 376 σ.) :   |b εικ., σχέδια ;   |c 24 εκ.  
500 |3 Τα c.1. είναι ανατύπωση του 1963 και έκδοση του 1986, τα c.2. είναι ανατύπωση το πρωτότυπο του 1963. 
504 |a Περιέχει ευρετήριο.  
650 0 0 |a Mathematics. 
700 1 |a Aleksandrov, A. D.   |q (Aleksandr Danilovich),   |d 1912-1999,  |e edt 
700 1 |a Lavrentev, M. A.   |q (Mikhail Alekseevich),   |d 1900-1980,  |e edt 
700 1 |a Hirsch, K. A.  |e trl 
700 1 |a Kolmogorov A. N.   |q (Andrei Nikolaevich),   |d 1903-1987,  |e edt 
852 |a INST  |b SAMOS  |e 19941103  |h 510 MAT  |p 005300001981  |q 005300001981  |t BK  |y 0  |z v.1 
852 |a INST  |b SAMOS  |e 19941103  |h 510 MAT  |p 005300001982  |q 005300001982  |t BK  |y 0  |z v.2 
852 |a INST  |b SAMOS  |e 19941103  |h 510 MAT  |p 005300001983  |q 005300001983  |t BK  |y 0  |z v.3 
852 |a INST  |b SAMOS  |e 19941103  |h 510 MAT  |p 005300001981  |q 005300001981  |t BK  |v v.1:  |y 0  |z v.1 
852 |a INST  |b SAMOS  |e 19941103  |h 510 MAT  |p 005300001982  |q 005300001982  |t BK  |v v.2:  |y 0  |z v.2 
852 |a INST  |b SAMOS  |e 19941103  |h 510 MAT  |p 005300001983  |q 005300001983  |t BK  |v v.3:  |y 0  |z v.3 
852 |a INST  |b SAMOS  |e 20150911  |h 510 MAT  |p 005300035947  |q 005300035947  |t BK  |v v.1:  |y 0 
852 |a INST  |b SAMOS  |e 20150911  |h 510 MAT  |p 005300035948  |q 005300035948  |t BK  |v v.3:  |y 0 
852 |a INST  |b SAMOS  |e 20150911  |h 510 MAT  |p 005300035949  |q 005300035949  |t BK  |v v.2:  |y 0 
853 |a INST  |b SAMOS  |h 510 MAT 
909 |a Σ  |b 008221 
909 |a Σ  |b 008222 
909 |a Σ  |b 008223 
920 |a Μάγειρας  |b Παναγιώτης  |y Σάμος  |z 2008-09 
970 |a Σιτζίμη  |b Γιασεμή  |z 11/09/2015